| 000 | 00647nam a2200217Ii 4500 | ||
|---|---|---|---|
| 003 | JO-AjNU | ||
| 008 | 230605s9999||||xx |||||||||||||| ||und|| | ||
| 017 | _a2007/10713 | ||
| 020 | _a977-09-2107-3 | ||
| 040 |
_aJO-AjNU _bara _erda _cJO-AjNU |
||
| 041 | _aara | ||
| 050 | 1 | 4 | _aKMU101.7.2007 |
| 100 | 3 |
_a الفقى ، عاطف محمد , _eauthor _932059 |
|
| 245 | 0 | 0 | _aقانون التجارة البحرية |
| 250 | _aط1 | ||
| 264 | 3 | 1 | _aالاسكندرية : دار الفكر العربي ، 2007 |
| 300 | _a461ص | ||
| 336 |
_atext _btxt _2rdacontent |
||
| 337 |
_aunmediated _bn _2rdamedia |
||
| 338 |
_avolume _bnc _2rdacarrier |
||
| 999 |
_aA12898 _c16466 _d16466 |
||